| 000 | 00574nam a2200193 a 4500 | ||
|---|---|---|---|
| 001 | 2099 | ||
| 003 | CDMR | ||
| 005 | 20131211125228.0 | ||
| 008 | 130130s1972||||||||||||||||||||||||||||d | ||
| 040 |
_aCDMR _bcat _cCDMR |
||
| 100 | 1 |
_aXifra Heras, Jorge _91559 |
|
| 245 | 1 | 3 |
_aLa información _b: análisis de una libertad frustrada _cpor Jorge Xifra Heras |
| 260 |
_aBarcelona _c1972 _bHispano Europea |
||
| 490 | 0 | _aBiblioteca Ciencias Sociales | |
| 650 | 0 | 4 |
_94504 _aInformació |
| 650 | 0 | 4 |
_9382 _aPeriodisme |
| 650 | 0 | 4 |
_94289 _aComunicació _xAspectes socials |
| 942 |
_cMON _2udc |
||
| 999 |
_c2099 _d2099 |
||